Space telescopes and instrumentation 2008 (Record no. 17339)

MARC details
000 -LEADER
fixed length control field 00777nam a2200205Ia 4500
003 - CONTROL NUMBER IDENTIFIER
control field IN-BaIIA
008 - FIXED-LENGTH DATA ELEMENTS--GENERAL INFORMATION
fixed length control field 211028s9999 xx 000 0 eng d
020 ## - INTERNATIONAL STANDARD BOOK NUMBER
International Standard Book Number 978-0-8194-7220-5
040 ## - CATALOGING SOURCE
Transcribing agency IIA Library
080 ## - UNIVERSAL DECIMAL CLASSIFICATION NUMBER
Universal Decimal Classification number 535(082.1)
Item number SPI-7010
100 ## - MAIN ENTRY--PERSONAL NAME
Personal name Oschmann, J. M
9 (RLIN) 32696
245 #0 - TITLE STATEMENT
Title Space telescopes and instrumentation 2008
Remainder of title optical, infrared and millimeter
Statement of responsibility, etc. J. M. Oschmann,M. W. M de Graauw and H. A MacEwen
260 ## - PUBLICATION, DISTRIBUTION, ETC.
Place of publication, distribution, etc. Washington
Name of publisher, distributor, etc. The International Society for Optical Engineering
Date of publication, distribution, etc. 2008
300 ## - PHYSICAL DESCRIPTION
Extent [various pagings.]
650 ## - SUBJECT ADDED ENTRY--TOPICAL TERM
Topical term or geographic name entry element Instrumentation - congresses
9 (RLIN) 31707
650 ## - SUBJECT ADDED ENTRY--TOPICAL TERM
Topical term or geographic name entry element Space telescopes - congresses
9 (RLIN) 32697
700 ## - ADDED ENTRY--PERSONAL NAME
Personal name de Graauw, M. W. M.
9 (RLIN) 32698
700 ## - ADDED ENTRY--PERSONAL NAME
Personal name MacEwen, H. A
9 (RLIN) 32699
942 ## - ADDED ENTRY ELEMENTS (KOHA)
Koha item type Books
Holdings
Withdrawn status Lost status Damaged status Not for loan Home library Current library Shelving location Date acquired Source of acquisition Cost, normal purchase price Total Checkouts Full call number Barcode Date last seen Cost, replacement price Price effective from Koha item type Purchase Price
        IIA Library-Bangalore IIA Library-Bangalore General Stacks 06/06/2009 EDS 4405.00   535(082.1)/ SPI-7010 18261 05/11/2021 4405.00 06/06/2009 Books Rs. 4405.00

Powered by Koha